Sports Quiz

Random Sports or Soccer Quiz

UEFA Club Crest Silhouettes Quiz Stats

 Plays Quiz Updated Nov 4, 2016

Challenge
Share
Tweet
Score 0/25 Timer 06:00
0 Plays Today
# Club % Correct
Liverpool FC
95.4%
FC Barcelona
77.3%
Newcastle United
76.2%
Real Madrid
75.4%
Valencia CF
74.4%
SS Lazio
69.7%
SL Benfica
68.5%
Sunderland AFC
66.3%
Manchester United
64.8%
Southampton FC
60.2%
Everton FC
59.7%
Manchester City
56.7%
FC Porto
49.7%
# Club % Correct
Deportivo de La Coruña
49.7%
Real Betis
47.3%
Stoke City
42%
AS Roma
42%
Bayer Leverkusen
40.4%
RSC Anderlecht
37.5%
Hannover 96
35.1%
West Ham
33.6%
CSKA Moscow
30.8%
FC Basel
28.4%
Real Zaragoza
21%
CA Osasuna
16.9%

You're not logged in!

Compare scores with friends on all Sporcle quizzes.
OR
Log In

You Might Also Like...

Show Comments

Extras

Top Quizzes Today


Score Distribution

Your Account Isn't Verified!

In order to create a playlist on Sporcle, you need to verify the email address you used during registration. Go to your Sporcle Settings to finish the process.

Report this User

Report this user for behavior that violates our Community Guidelines.

Details: